| 000 | 00328nam a22001337a 4500 | ||
|---|---|---|---|
| 003 | OSt | ||
| 005 | 20240726122002.0 | ||
| 008 | 240726s2020 ag ||||| |||| 00| 0 spa d | ||
| 020 | _a9789500440226 | ||
| 040 | _cbesoc | ||
| 100 | _aTenenbaum, Tamara | ||
| 245 |
_aNadie vive tan cerca de nadie / _cTamara Tenenbaum |
||
| 942 |
_2udc _cOG _n0 |
||
| 999 |
_c272 _d272 |
||